[Event "Mike Shpan mem."]
[Site "Winnipeg CAN"]
[Date "2000.12.12"]
[Round "6"]
[White "Tetrault, Claude"]
[Black "Czarny, Keith"]
[Result "0-1"]
[WhiteElo "1380"]
[BlackElo "1712"]
[PlyCount "66"]
[GameId "2160767911635766"]
[EventDate "2000.11.07"]
[EventType "swiss"]
[EventRounds "6"]
[EventCountry "CAN"]
[SourceTitle "EXT 2003"]
[Source "ChessBase"]
[SourceDate "2002.11.25"]
[SourceVersion "1"]
[SourceVersionDate "2002.11.25"]
[SourceQuality "1"]

1. d4 Nf6 2. c4 c5 3. e3 Nc6 4. Nf3 d6 5. Be2 g6 6. Nc3 Bg7 7. O-O O-O 8. b3 Re8 9. Re1 Bg4 10. h3 cxd4 11. Nxd4 Bxe2 12. Rxe2 e5 13. Nc2 e4 14. Bb2 Ne5 15. Rd2 Nd3 16. Rb1 Nxb2 17. Rxb2 Re7 18. Rb1 Rd7 19. Nb4 Rc8 20. Qc2 d5 21. Rbd1 dxc4 22. Rxd7 Nxd7 23. Nxe4 Qc7 24. Rc1 Qe5 25. Rd1 Nb6 26. Nd2 Bf8 27. Nxc4 Bxb4 28. Rd8+ Rxd8 29. Nxe5 Rd2 30. Qc7 Nd7 31. Nf3 Rd1+ 32. Kh2 Bd6+ 33. Qxd6 Rxd6 0-1

[Event "Minnesota Match"]
[Site "Winnipeg CAN"]
[Date "2000.09.02"]
[Round "1"]
[White "Gushuliak, Justin"]
[Black "Drake, Jason"]
[Result "1-0"]
[WhiteElo "2172"]
[BlackElo "2000"]
[PlyCount "57"]
[GameId "2160767911652587"]
[EventDate "2000.09.02"]
[EventType "team"]
[EventRounds "1"]
[EventCountry "CAN"]

1. e4 c5 2. Nf3 Nc6 3. c3 Nf6 4. e5 Nd5 5. Bc4 Nb6 6. Bb3 c4 7. Bc2 Qc7 8. Qe2 g5 9. e6 dxe6 10. Nxg5 Qe5 11. d4 cxd3 12. Bxd3 Qxe2+ 13. Bxe2 e5 14. Bh5 Nd8 15. Na3 a6 16. Be3 Nd7 17. O-O-O Bh6 18. Rhe1 Bxg5 19. Bxg5 Rg8 20. Bh4 Ne6 21. Bg3 Nf4 22. Bxf4 exf4 23. Nc4 Nf6 24. Bf3 Be6 25. Bxb7 Rb8 26. Bc6+ Kf8 27. Ne5 Bxa2 28. Rd4 Nh5 29. Nd7+ 1-0

[Event "Montcalm I 2000-01"]
[Site "Quebec CAN"]
[Date "2000.09.14"]
[Round "1"]
[White "Auger, Bertrand"]
[Black "Poliquin, Yvon"]
[Result "1-0"]
[WhiteElo "1958"]
[BlackElo "1917"]
[PlyCount "63"]
[GameId "2160767911644237"]
[EventDate "2000.09.14"]
[EventType "tourn"]
[EventRounds "5"]
[EventCountry "CAN"]

1. Nf3 c5 2. c4 Nf6 3. Nc3 d5 4. cxd5 Nxd5 5. g3 Nc6 6. Bg2 Nc7 7. O-O e5 8. d3 f6 9. Qc2 Qd7 10. Ne4 b6 11. a3 Bb7 12. Bd2 Be7 13. Rfc1 Nb5 14. e3 Nd6 15. Nxd6+ Bxd6 16. Qc4 g5 17. b4 Ne7 18. bxc5 bxc5 19. Rab1 Bd5 20. Qa6 O-O 21. e4 Bc6 22. Qc4+ Kg7 23. Be3 Rac8 24. Nd2 Ba8 25. Qa6 Rc6 26. Qa4 Rfc8 27. Nc4 Qc7 28. Bd2 Rb8 29. Bh3 Rxb1 30. Rxb1 Nc8 31. Bxc8 Qxc8 32. Qxa7+ 1-0

[Event "Montcalm I 2000-01"]
[Site "Quebec CAN"]
[Date "2000.09.14"]
[Round "1"]
[White "Guy, Philippe"]
[Black "Caire, Francois"]
[Result "0-1"]
[WhiteElo "1830"]
[BlackElo "1870"]
[PlyCount "62"]
[GameId "2160767911644238"]
[EventDate "2000.09.14"]
[EventType "tourn"]
[EventRounds "5"]
[EventCountry "CAN"]
[SourceTitle "EXT 2022"]
[Source "ChessBase"]
[SourceDate "2021.10.06"]
[SourceVersion "1"]
[SourceVersionDate "2021.10.06"]
[SourceQuality "1"]

1. Nf3 d5 2. g3 Nc6 3. Bg2 e5 4. d3 Nf6 5. O-O Be7 6. Nbd2 O-O 7. c4 d4 8. a3 a5 9. Ne1 Bg4 10. h3 Be6 11. b3 Qd7 12. Kh2 h5 13. Rb1 h4 14. Nc2 hxg3+ 15. fxg3 g6 16. g4 e4 17. Nxe4 Kg7 18. Bh6+ Kxh6 19. Nxf6 Bxf6 20. Rxf6 Kg7 21. Rf2 Rh8 22. Kg1 Qd6 23. b4 Ne5 24. Bxb7 Rab8 25. Bg2 Bxg4 26. c5 Qe7 27. hxg4 Nxg4 28. Rf3 Qe5 29. Qe1 Rh1+ 30. Bxh1 Qh2+ 31. Kf1 Qxh1# 0-1

[Event "Montcalm I 2000-01"]
[Site "Quebec CAN"]
[Date "2000.09.14"]
[Round "1"]
[White "Hebert, Marc"]
[Black "Papineau (Granby), Daniel"]
[Result "0-1"]
[WhiteElo "1746"]
[BlackElo "1701"]
[PlyCount "76"]
[GameId "2160767911644239"]
[EventDate "2000.09.14"]
[EventType "tourn"]
[EventRounds "5"]
[EventCountry "CAN"]

1. d4 Nf6 2. Nf3 c5 3. c4 cxd4 4. Nxd4 e5 5. Nc2 Bc5 6. b4 Be7 7. Bb2 Qc7 8. e3 d5 9. cxd5 Nxd5 10. Qxd5 Qxc2 11. Qxe5 Nc6 12. Bb5 Kd8 13. Bxc6 bxc6 14. O-O f6 15. Na3 Qxf2+ 16. Rxf2 fxe5 17. Rd1+ Ke8 18. Bxe5 Bxb4 19. Nc2 Bc5 20. Bxg7 Rg8 21. Bd4 Be7 22. Bf6 Bg4 23. Rb1 Bc5 24. Bd4 Bd6 25. Rb7 c5 26. Bc3 Bd7 27. Rd2 Rb8 28. Rxb8+ Bxb8 29. Ne1 Bc6 30. Ba5 Ke7 31. Rc2 Bd6 32. Bb4 Be4 33. Bxc5 Bxc2 34. Bxd6+ Kxd6 35. Nxc2 Rb8 36. Nd4 Kd5 37. a3 Rb2 38. g4 Ke4 0-1

[Event "Montcalm I 2000-01"]
[Site "Quebec CAN"]
[Date "2000.09.14"]
[Round "1"]
[White "Perreault, Jacquelin"]
[Black "Bourassa, Andre"]
[Result "1-0"]
[WhiteElo "1639"]
[BlackElo "1572"]
[PlyCount "47"]
[GameId "2160767911644240"]
[EventDate "2000.09.14"]
[EventType "tourn"]
[EventRounds "5"]
[EventCountry "CAN"]
[SourceTitle "EXT 2022"]
[Source "ChessBase"]
[SourceDate "2021.10.06"]
[SourceVersion "1"]
[SourceVersionDate "2021.10.06"]
[SourceQuality "1"]

1. e4 c5 2. Nf3 e6 3. d4 cxd4 4. Nxd4 Nf6 5. Nc3 a6 6. Bd3 d6 7. Be3 Be7 8. O-O O-O 9. f4 Qc7 10. Kh1 Nc6 11. Qf3 Ng4 12. Nxc6 Nxe3 13. Nxe7+ Qxe7 14. Qxe3 b5 15. f5 exf5 16. Nd5 Qe5 17. Nb6 Rb8 18. Nxc8 Rbxc8 19. Rxf5 Qxb2 20. Raf1 Qxa2 21. Qa7 b4 22. Qb7 a5 23. Rxf7 Qb2 24. Rxf8+ 1-0

[Event "Montcalm I 2000-01"]
[Site "Quebec CAN"]
[Date "2000.09.21"]
[Round "2"]
[White "Deschenes, Eric"]
[Black "Caire, Francois"]
[Result "1/2-1/2"]
[WhiteElo "1848"]
[BlackElo "1870"]
[PlyCount "51"]
[GameId "2160767911644243"]
[EventDate "2000.09.14"]
[EventType "tourn"]
[EventRounds "5"]
[EventCountry "CAN"]
[SourceTitle "EXT 2022"]
[Source "ChessBase"]
[SourceDate "2021.10.06"]
[SourceVersion "1"]
[SourceVersionDate "2021.10.06"]
[SourceQuality "1"]

1. e4 c5 2. c3 d5 3. exd5 Qxd5 4. d4 Nf6 5. Nf3 Bg4 6. Be2 e6 7. Be3 cxd4 8. cxd4 Bb4+ 9. Nc3 Ne4 10. Qd3 O-O 11. O-O Bxc3 12. bxc3 Bf5 13. Nh4 Ng3 14. Nxf5 Nxe2+ 15. Qxe2 Qxf5 16. Rab1 b6 17. Rb5 Qe4 18. Rg5 Kh8 19. Rxg7 Nd7 20. Rg4 Qf5 21. Rg5 Qe4 22. f3 Qb7 23. Bf4 Qc6 24. Rc1 Rg8 25. Rh5 Rg7 26. Bh6 1/2-1/2

[Event "Montcalm I 2000-01"]
[Site "Quebec CAN"]
[Date "2000.09.21"]
[Round "2"]
[White "Hebert, Marc"]
[Black "Dorion, Francois"]
[Result "1/2-1/2"]
[WhiteElo "1746"]
[BlackElo "1739"]
[PlyCount "78"]
[GameId "2160767911644244"]
[EventDate "2000.09.14"]
[EventType "tourn"]
[EventRounds "5"]
[EventCountry "CAN"]

1. d4 d5 2. Nf3 Nc6 3. g3 Nf6 4. Bg2 Bg4 5. Nbd2 e6 6. c3 Bd6 7. Qa4 O-O 8. O-O e5 9. dxe5 Nxe5 10. Nxe5 Bxe5 11. e4 Bd7 12. Qb3 dxe4 13. Nxe4 Bc6 14. Nxf6+ Qxf6 15. Bxc6 Qxc6 16. Be3 h5 17. Qb4 Bf6 18. h4 Rad8 19. Rad1 Rxd1 20. Rxd1 Re8 21. Qc5 Qf3 22. Qd5 Re4 23. Qd2 g6 24. Re1 Bxh4 25. Bf4 Rxe1+ 26. Qxe1 Bf6 27. Qe8+ Kg7 28. Bxc7 h4 29. gxh4 Bxh4 30. Qe5+ Bf6 31. Qe3 Qxe3 32. fxe3 g5 33. Kg2 Kf8 34. Kf3 Ke7 35. Kg4 Ke6 36. e4 b5 37. Bb8 a5 38. Ba7 a4 39. Be3 a3 1/2-1/2

[Event "Montcalm I 2000-01"]
[Site "Quebec CAN"]
[Date "2000.09.21"]
[Round "2"]
[White "L'Heureux, Clement"]
[Black "Auger, Bertrand"]
[Result "0-1"]
[WhiteElo "1958"]
[BlackElo "1958"]
[PlyCount "46"]
[GameId "2160767911644245"]
[EventDate "2000.09.14"]
[EventType "tourn"]
[EventRounds "5"]
[EventCountry "CAN"]

1. e4 e6 2. d4 d5 3. Nd2 Nf6 4. Bd3 c5 5. c3 Nc6 6. e5 Nd7 7. Ne2 cxd4 8. cxd4 f6 9. f4 Qb6 10. Nf3 Bb4+ 11. Bd2 O-O 12. exf6 Nxf6 13. O-O Bd6 14. Kh1 Bd7 15. a3 Rae8 16. g3 Re7 17. Kg2 Be8 18. b4 Ne4 19. b5 Na5 20. a4 Bh5 21. Qb1 Bxf3+ 22. Rxf3 Nxd2 23. Bxh7+ Kh8 0-1

[Event "Montcalm I 2000-01"]
[Site "Quebec CAN"]
[Date "2000.09.28"]
[Round "3"]
[White "Caire, Francois"]
[Black "Audet-Bouchard, Nicolas"]
[Result "1-0"]
[WhiteElo "1870"]
[BlackElo "1858"]
[PlyCount "59"]
[GameId "2160767911644247"]
[EventDate "2000.09.14"]
[EventType "tourn"]
[EventRounds "5"]
[EventCountry "CAN"]
[SourceTitle "EXT 2022"]
[Source "ChessBase"]
[SourceDate "2021.10.06"]
[SourceVersion "1"]
[SourceVersionDate "2021.10.06"]
[SourceQuality "1"]

1. d4 Nf6 2. c4 e6 3. Nc3 Bb4 4. Nf3 O-O 5. Bg5 h6 6. Bh4 d5 7. e3 Nbd7 8. cxd5 exd5 9. Bd3 c5 10. O-O Qa5 11. Qc2 Bxc3 12. bxc3 Re8 13. c4 dxc4 14. Qxc4 Ne4 15. Qd5 Nb6 16. Qh5 Nd7 17. Rfc1 b6 18. Bxe4 Rxe4 19. Qd5 Re6 20. Qxa8 Qa6 21. dxc5 Nxc5 22. Nd4 Re8 23. Qd5 Bb7 24. Qc4 Qa5 25. Qb5 Qxb5 26. Nxb5 Re4 27. Bg3 Ra4 28. Rd1 Be4 29. Nc3 Rc4 30. Nxe4 1-0

[Event "Montcalm I 2000-01"]
[Site "Quebec CAN"]
[Date "2000.09.28"]
[Round "3"]
[White "Lachance, Norbert"]
[Black "Hebert, Marc"]
[Result "0-1"]
[WhiteElo "1680"]
[BlackElo "1746"]
[PlyCount "76"]
[GameId "2160767911644248"]
[EventDate "2000.09.14"]
[EventType "tourn"]
[EventRounds "5"]
[EventCountry "CAN"]

1. d4 d5 2. c4 e6 3. e3 Nf6 4. Nc3 Bb4 5. Bd2 O-O 6. Nf3 c5 7. cxd5 cxd4 8. Nxd4 Bxc3 9. Bxc3 Nxd5 10. Qc2 Nxc3 11. Qxc3 Qf6 12. Rc1 Nd7 13. Be2 a6 14. O-O e5 15. Nf3 e4 16. Nd4 Qg6 17. f4 exf3 18. Rxf3 Nf6 19. Bd3 Qh6 20. Bf5 Nd5 21. Qd3 g6 22. Bxc8 Raxc8 23. Rxc8 Rxc8 24. Nb3 Qg5 25. Qe4 Rd8 26. Rg3 Qf6 27. Nd4 Nxe3 28. Rxe3 Qxd4 29. Qxd4 Rxd4 30. Re7 Rd1+ 31. Kf2 Rd2+ 32. Re2 Rxe2+ 33. Kxe2 Kg7 34. Ke3 Kf6 35. g4 Ke5 36. b4 f5 37. h3 fxg4 38. hxg4 h5 0-1

[Event "Montcalm I 2000-01"]
[Site "Quebec CAN"]
[Date "2000.09.28"]
[Round "3"]
[White "Pelletier, Lucas"]
[Black "Bourassa, Andre"]
[Result "0-1"]
[WhiteElo "1577"]
[BlackElo "1572"]
[PlyCount "96"]
[GameId "2160767911644249"]
[EventDate "2000.09.14"]
[EventType "tourn"]
[EventRounds "5"]
[EventCountry "CAN"]
[SourceTitle "EXT 2022"]
[Source "ChessBase"]
[SourceDate "2021.10.06"]
[SourceVersion "1"]
[SourceVersionDate "2021.10.06"]
[SourceQuality "1"]

1. e4 c5 2. Nf3 e6 3. d4 cxd4 4. Nxd4 a6 5. Nc3 d6 6. Be3 Nf6 7. Be2 Be7 8. O-O O-O 9. Qd2 Bd7 10. Rad1 Nc6 11. Nf3 Ne8 12. Bf4 Qc7 13. e5 d5 14. a3 Rc8 15. Na2 b5 16. c3 Na5 17. Qc2 Nc4 18. Bg3 Qb7 19. Rd4 f6 20. Rh4 h6 21. Qg6 fxe5 22. Rxh6 Nf6 23. Rh3 Be8 24. Qc2 e4 25. Ne5 Bd6 26. Nxc4 Bxg3 27. Rxg3 bxc4 28. Bg4 Nxg4 29. Rxg4 Rb8 30. Rb1 Qb6 31. Qd2 Qd8 32. Qd4 Qf6 33. Qxf6 Rxf6 34. Nb4 a5 35. Nc2 Bh5 36. Rg3 Be2 37. Ne1 Rbf8 38. f4 exf3 39. Nxf3 Bxf3 40. gxf3 Rxf3 41. Rxf3 Rxf3 42. Re1 Kf7 43. Kg2 Rf5 44. Re2 Kf6 45. a4 e5 46. b4 cxb3 47. Rb2 Rf4 48. Rxb3 Rxa4 0-1

[Event "Montcalm I 2000-01"]
[Site "Quebec CAN"]
[Date "2000.10.05"]
[Round "4"]
[White "Boudreau, Daniel"]
[Black "Auger, Bertrand"]
[Result "1-0"]
[WhiteElo "2018"]
[BlackElo "1958"]
[PlyCount "53"]
[GameId "2160767911644250"]
[EventDate "2000.09.14"]
[EventType "tourn"]
[EventRounds "5"]
[EventCountry "CAN"]

1. e4 e6 2. d4 d5 3. e5 b6 4. Bb5+ c6 5. Ba4 Ba6 6. c3 Ne7 7. Ne2 Ng6 8. O-O f5 9. f4 Be7 10. Rf3 Qc7 11. Be3 Nd7 12. Nd2 Bd3 13. Rc1 b5 14. Bc2 Bxc2 15. Rxc2 a5 16. Rh3 Kf7 17. Nc1 Raf8 18. g4 Kg8 19. gxf5 Rxf5 20. Ne2 h6 21. Nf1 Bh4 22. Neg3 Bxg3 23. Nxg3 Rf8 24. Qg4 Kh7 25. Rg2 Rf7 26. Qxe6 Nxf4 27. Rxh6+ 1-0

[Event "Montcalm I 2000-01"]
[Site "Quebec CAN"]
[Date "2000.10.05"]
[Round "4"]
[White "Fecteau, Martin"]
[Black "Caire, Francois"]
[Result "1/2-1/2"]
[WhiteElo "1929"]
[BlackElo "1870"]
[PlyCount "57"]
[GameId "2160767911644251"]
[EventDate "2000.09.14"]
[EventType "tourn"]
[EventRounds "5"]
[EventCountry "CAN"]
[SourceTitle "EXT 2022"]
[Source "ChessBase"]
[SourceDate "2021.10.06"]
[SourceVersion "1"]
[SourceVersionDate "2021.10.06"]
[SourceQuality "1"]

1. d4 Nf6 2. c4 e5 3. dxe5 Ng4 4. Nf3 Bc5 5. e3 Nc6 6. Qd5 Qe7 7. a3 a5 8. Nc3 Ncxe5 9. Be2 d6 10. Na4 c6 11. Qd2 Bf5 12. Nxc5 dxc5 13. O-O h5 14. b3 Nxf3+ 15. Bxf3 Qe5 16. Rd1 Qxa1 17. Bb2 Qa2 18. Qc3 a4 19. bxa4 Be6 20. Be2 Rxa4 21. Qxg7 Rf8 22. h3 Nh6 23. Qf6 Ra8 24. Qc3 Rg8 25. Kh2 Ra4 26. Qf6 Ra8 27. Qc3 Ra4 28. Qf6 Ra8 29. Qc3 1/2-1/2

[Event "Montcalm I 2000-01"]
[Site "Quebec CAN"]
[Date "2000.10.05"]
[Round "4"]
[White "Guimont, Claude"]
[Black "Bourassa, Andre"]
[Result "1/2-1/2"]
[WhiteElo "1543"]
[BlackElo "1572"]
[PlyCount "103"]
[GameId "2160767911644252"]
[EventDate "2000.09.14"]
[EventType "tourn"]
[EventRounds "5"]
[EventCountry "CAN"]
[SourceTitle "EXT 2022"]
[Source "ChessBase"]
[SourceDate "2021.10.06"]
[SourceVersion "1"]
[SourceVersionDate "2021.10.06"]
[SourceQuality "1"]

1. e4 c5 2. Nf3 d6 3. d4 cxd4 4. Nxd4 Nf6 5. Nc3 a6 6. Be2 e5 7. Nb3 Be6 8. Be3 b5 9. Bf3 Be7 10. Nd5 Nbd7 11. Nxe7 Qxe7 12. O-O O-O 13. Qd2 Nc5 14. Rfd1 Ncxe4 15. Bxe4 Nxe4 16. Qb4 Bxb3 17. axb3 Nc5 18. Rd5 Qe6 19. Rxd6 Qxd6 20. Bxc5 Qc6 21. Bxf8 Rxf8 22. Qa5 Qxc2 23. Qxa6 Qxb3 24. Qa3 Qxa3 25. bxa3 Ra8 26. Kf1 Ra4 27. Rb1 Rxa3 28. Rxb5 f6 29. Rb7 Ra2 30. Re7 h6 31. Ke1 Kh7 32. Rd7 Kg6 33. Rd2 Rxd2 34. Kxd2 f5 35. Ke3 Kg5 36. Kf3 g6 37. Ke3 Kf6 38. Kf3 e4+ 39. Ke3 Ke5 40. Ke2 f4 41. Kd2 Kd4 42. g3 e3+ 43. Ke2 exf2 44. Kxf2 Ke4 45. gxf4 Kxf4 46. Kg2 g5 47. Kf2 g4 48. Kg2 h5 49. Kf2 h4 50. Kg2 Ke3 51. Kf1 Kf3 52. Kg1 1/2-1/2

[Event "Montcalm I 2000-01"]
[Site "Quebec CAN"]
[Date "2000.10.05"]
[Round "4"]
[White "Hebert, Marc"]
[Black "Pilote, Guillaume"]
[Result "0-1"]
[WhiteElo "1746"]
[BlackElo "1671"]
[PlyCount "76"]
[GameId "2160767911644253"]
[EventDate "2000.09.14"]
[EventType "tourn"]
[EventRounds "5"]
[EventCountry "CAN"]

1. b4 d5 2. Bb2 e6 3. g3 Nf6 4. b5 c5 5. Bg2 Nbd7 6. f4 Qb6 7. a4 a6 8. Bxf6 Nxf6 9. c4 axb5 10. cxb5 c4 11. e3 Bb4 12. Qe2 Bd7 13. Na3 Bxa3 14. Rxa3 Bxb5 15. Qd1 O-O 16. Ne2 Nd7 17. Nc3 Bc6 18. O-O Nc5 19. Qc2 Ra5 20. Rb1 Qc7 21. Nb5 Bxb5 22. Rxb5 Rfa8 23. Rb4 Qd7 24. Qb1 Rxa4 25. Raxa4 Rxa4 26. Rb2 g6 27. g4 Ra3 28. e4 Rb3 29. d4 Rxb2 30. Qxb2 Nd3 31. Qd2 b5 32. exd5 exd5 33. f5 b4 34. Qg5 b3 35. fxg6 hxg6 36. Bxd5 Nf4 37. Qxf4 Qxd5 38. Qd2 Qb5 0-1

[Event "Montcalm I 2000-01"]
[Site "Quebec CAN"]
[Date "2000.10.05"]
[Round "4"]
[White "Lafreniere, Francois"]
[Black "Moisan, Francois"]
[Result "0-1"]
[WhiteElo "1747"]
[BlackElo "1800"]
[PlyCount "42"]
[GameId "2160767911644254"]
[EventDate "2000.09.14"]
[EventType "tourn"]
[EventRounds "5"]
[EventCountry "CAN"]

1. e4 e5 2. Bc4 Nf6 3. d4 exd4 4. Nf3 Nc6 5. O-O Nxe4 6. Re1 d5 7. Bxd5 Qxd5 8. Nc3 Qh5 9. Nxe4 Be6 10. Neg5 O-O-O 11. Nxe6 fxe6 12. Rxe6 Bd6 13. Bg5 Bxh2+ 14. Nxh2 Qxg5 15. Qg4 Qxg4 16. Nxg4 Rhe8 17. Rae1 Rxe6 18. Rxe6 Kd7 19. Re4 Re8 20. Rf4 Re1+ 21. Kh2 h5 0-1

[Event "Montcalm I 2000-01"]
[Site "Quebec CAN"]
[Date "2000.10.05"]
[Round "4"]
[White "Marquis, Paul"]
[Black "Sauve, Richard"]
[Result "1-0"]
[WhiteElo "1847"]
[BlackElo "1930"]
[PlyCount "93"]
[GameId "2160767911644255"]
[EventDate "2000.09.14"]
[EventType "tourn"]
[EventRounds "5"]
[EventCountry "CAN"]

1. e4 e6 2. d3 d5 3. Nd2 Nf6 4. Ngf3 b6 5. e5 Nfd7 6. g3 c5 7. c3 Ba6 8. d4 Bxf1 9. Nxf1 Nc6 10. Bd2 Be7 11. h4 h6 12. Ne3 Qc7 13. Rc1 c4 14. h5 b5 15. b3 Nb6 16. Nh4 O-O-O 17. a4 a6 18. axb5 axb5 19. Ra1 Kd7 20. Ke2 Ra8 21. Nf3 Rxa1 22. Qxa1 cxb3 23. Qa6 Nc4 24. Rb1 N6a5 25. Qxb5+ Qc6 26. Qxc6+ Kxc6 27. Nxc4 dxc4 28. Bc1 Rb8 29. Bb2 Rb5 30. Nd2 f6 31. f4 fxe5 32. fxe5 Rb8 33. Rf1 Rf8 34. Rxf8 Bxf8 35. Kf3 Kb5 36. Ke4 Kc6 37. Nf1 Be7 38. Ne3 Bg5 39. d5+ exd5+ 40. Nxd5 Kd7 41. Nf4 Nc6 42. Kd5 Na5 43. Ne6 g6 44. hxg6 Ke7 45. Ba3+ Ke8 46. Nxg5 hxg5 47. Ke6 1-0

[Event "Montcalm I 2000-01"]
[Site "Quebec CAN"]
[Date "2000.10.12"]
[Round "5"]
[White "Auger, Bertrand"]
[Black "Lessard, Claude"]
[Result "0-1"]
[WhiteElo "1958"]
[BlackElo "1982"]
[PlyCount "84"]
[GameId "2160767911644256"]
[EventDate "2000.09.14"]
[EventType "tourn"]
[EventRounds "5"]
[EventCountry "CAN"]

1. b3 d5 2. Nf3 c6 3. g3 Nf6 4. Bg2 Bg4 5. Bb2 Nbd7 6. d3 e6 7. Nbd2 Qc7 8. c4 Be7 9. O-O O-O 10. Qc2 Rfe8 11. Rfe1 Rad8 12. a3 Bf8 13. b4 a5 14. Qb3 axb4 15. axb4 Ra8 16. Rxa8 Rxa8 17. e4 dxe4 18. dxe4 Bxf3 19. Bxf3 Ne5 20. Be2 c5 21. b5 b6 22. f4 Ng6 23. Bf3 Rd8 24. Qe3 Qd7 25. Nf1 Qd3 26. e5 Ne8 27. Qxd3 Rxd3 28. Be4 Rb3 29. Ba1 h5 30. Bc2 Ra3 31. f5 exf5 32. Bxf5 Ne7 33. Be4 Nc7 34. Ne3 Ne6 35. Nd5 Ng5 36. Nxe7+ Bxe7 37. Bd5 Ne6 38. Bb2 Rb3 39. Bc1 h4 40. Kg2 Rc3 41. Bd2 Rc2 42. Re2 Bg5 0-1

[Event "Montcalm I 2000-01"]
[Site "Quebec CAN"]
[Date "2000.10.12"]
[Round "5"]
[White "Bourassa, Andre"]
[Black "Bender, Karl"]
[Result "0-1"]
[WhiteElo "1572"]
[BlackElo "1682"]
[PlyCount "68"]
[GameId "2160767911644257"]
[EventDate "2000.09.14"]
[EventType "tourn"]
[EventRounds "5"]
[EventCountry "CAN"]
[SourceTitle "EXT 2022"]
[Source "ChessBase"]
[SourceDate "2021.10.06"]
[SourceVersion "1"]
[SourceVersionDate "2021.10.06"]
[SourceQuality "1"]

1. d4 d5 2. c4 e6 3. Nf3 Nf6 4. Bg5 c6 5. e3 Nbd7 6. Be2 Bb4+ 7. Nbd2 Qa5 8. Bxf6 Nxf6 9. a3 Be7 10. O-O Qd8 11. Rc1 O-O 12. Qc2 g6 13. Bd3 Kg7 14. Ne5 Nd7 15. Nxd7 Bxd7 16. Nf3 f6 17. Rfe1 Bd6 18. Nh4 f5 19. g3 e5 20. dxe5 Bxe5 21. Nf3 Bf6 22. Red1 Qe7 23. Rd2 Be6 24. Nd4 Bf7 25. Ne2 Rad8 26. Nf4 dxc4 27. Bxc4 Rxd2 28. Qxd2 Bxc4 29. Rxc4 Rd8 30. Qe2 Qd6 31. Rc2 Be5 32. Qc4 Bxf4 33. gxf4 Qd1+ 34. Kg2 Qg4+ 0-1

[Event "Montcalm I 2000-01"]
[Site "Quebec CAN"]
[Date "2000.10.12"]
[Round "5"]
[White "Caire, Francois"]
[Black "Martineau, Michel"]
[Result "1/2-1/2"]
[WhiteElo "1870"]
[BlackElo "1903"]
[PlyCount "78"]
[GameId "2160767911644258"]
[EventDate "2000.09.14"]
[EventType "tourn"]
[EventRounds "5"]
[EventCountry "CAN"]
[SourceTitle "EXT 2022"]
[Source "ChessBase"]
[SourceDate "2021.10.06"]
[SourceVersion "1"]
[SourceVersionDate "2021.10.06"]
[SourceQuality "1"]

1. d4 g6 2. c4 Bg7 3. e4 d6 4. Nc3 Nc6 5. Be3 e5 6. d5 Nce7 7. Bd3 f5 8. f3 Nf6 9. Nge2 O-O 10. Qd2 Kh8 11. O-O-O fxe4 12. Nxe4 Nf5 13. Bg5 Nxe4 14. fxe4 Qxg5 15. Qxg5 Bh6 16. Qxh6 Nxh6 17. Rhf1 Bd7 18. h3 Kg7 19. Kd2 Ng8 20. Ng3 Rf4 21. Ne2 Rf6 22. Ng3 Raf8 23. Ke3 h5 24. Rxf6 Rxf6 25. Rf1 h4 26. Nh1 g5 27. Rxf6 Kxf6 28. Nf2 Ne7 29. Be2 Ng6 30. Nd3 Nf4 31. Nxf4 exf4+ 32. Kd4 b6 33. b4 Ba4 34. Bf3 Bc2 35. a3 a6 36. Bg4 Ba4 37. Bf3 Bd7 38. Be2 Be8 39. Bg4 Ba4 1/2-1/2

[Event "Montcalm I 2000-01"]
[Site "Quebec CAN"]
[Date "2000.10.12"]
[Round "5"]
[White "Dion, Jean-Francois"]
[Black "Hebert, Marc"]
[Result "1-0"]
[WhiteElo "1706"]
[BlackElo "1746"]
[PlyCount "69"]
[GameId "2160767911644259"]
[EventDate "2000.09.14"]
[EventType "tourn"]
[EventRounds "5"]
[EventCountry "CAN"]

1. d4 c5 2. c3 Qb6 3. Nf3 e6 4. Qb3 Nf6 5. Bf4 Nd5 6. Bg3 Nc6 7. e3 Qxb3 8. axb3 cxd4 9. exd4 f5 10. h3 Be7 11. Nbd2 O-O 12. Nc4 f4 13. Bh4 Bxh4 14. Nxh4 a6 15. Nf3 Nf6 16. b4 Ne8 17. b5 Nd8 18. Nb6 Rb8 19. Ne5 d6 20. Ned7 Bxd7 21. Nxd7 Rc8 22. Nxf8 Kxf8 23. Bd3 axb5 24. Bxb5 Nf6 25. O-O g5 26. Rfe1 h5 27. Ra5 Ke7 28. Bd3 g4 29. hxg4 hxg4 30. f3 gxf3 31. gxf3 Nc6 32. Rb5 Rg8+ 33. Kf2 Nd8 34. Bc4 Rh8 35. Bxe6 1-0

[Event "Montcalm II 2000-01"]
[Site "Quebec CAN"]
[Date "2000.10.19"]
[Round "1"]
[White "Angers, Gilles"]
[Black "Auger, Bertrand"]
[Result "1/2-1/2"]
[WhiteElo "1975"]
[BlackElo "1968"]
[PlyCount "24"]
[GameId "2160767911635838"]
[EventDate "2000.10.19"]
[EventType "swiss"]
[EventRounds "5"]
[EventCountry "CAN"]

1. e4 e6 2. d4 d5 3. Nc3 dxe4 4. Nxe4 Bd7 5. Nf3 Bc6 6. Bd3 Nd7 7. O-O Ngf6 8. Ng3 Bxf3 9. Qxf3 c6 10. Re1 Be7 11. c3 O-O 12. a4 a5 1/2-1/2

[Event "Montcalm II 2000-01"]
[Site "Quebec CAN"]
[Date "2000.10.19"]
[Round "1"]
[White "Lafreniere, Francois"]
[Black "Hebert, Marc"]
[Result "0-1"]
[WhiteElo "1767"]
[BlackElo "1704"]
[PlyCount "54"]
[GameId "2160767911635839"]
[EventDate "2000.10.19"]
[EventType "swiss"]
[EventRounds "5"]
[EventCountry "CAN"]

1. e4 e5 2. Bc4 Nf6 3. d4 Nc6 4. d5 Ne7 5. Nc3 Ng6 6. Nge2 Bc5 7. O-O Ng4 8. Qe1 Qh4 9. h3 h5 10. Na4 d6 11. Nxc5 dxc5 12. Bb5+ Ke7 13. hxg4 hxg4 14. f3 Qh2+ 15. Kf2 gxf3 16. Ng3 Qxg2+ 17. Ke3 Nh4 18. Kd3 a6 19. Bg5+ f6 20. Bxh4 axb5 21. Nf5+ Bxf5 22. exf5 Ra4 23. Qxe5+ Kf8 24. Qe3 Rd4+ 25. Kc3 Rhxh4 26. b3 Rc4+ 27. Kb2 Qxc2+ 0-1

[Event "Montcalm II 2000-01"]
[Site "Quebec CAN"]
[Date "2000.10.19"]
[Round "1"]
[White "Lapointe, Daniel"]
[Black "Navarro, Philippe"]
[Result "0-1"]
[WhiteElo "1326"]
[BlackElo "1342"]
[PlyCount "48"]
[GameId "2160767911635840"]
[EventDate "2000.10.19"]
[EventType "swiss"]
[EventRounds "5"]
[EventCountry "CAN"]

1. e4 Nf6 2. Nc3 e5 3. Nf3 d6 4. Bc4 Nxe4 5. Bxf7+ Kxf7 6. Nxe4 Be7 7. d3 Rf8 8. Nfg5+ Kg8 9. h4 Qe8 10. Qe2 h6 11. Nh3 Nc6 12. c3 Bxh4 13. g3 Be7 14. f4 d5 15. Nef2 Bc5 16. Bd2 exf4 17. Nxf4 Qxe2+ 18. Kxe2 Bxf2 19. Kxf2 g5 20. Rxh6 gxf4 21. Bxf4 Bf5 22. d4 Be4 23. Rd1 Ne7 24. Ke3 Nf5+ 0-1